| 000 | 00647nam a2200217 a 4500 | ||
|---|---|---|---|
| 001 | BRCA_7122 | ||
| 005 | 20190320205724.0 | ||
| 008 | 301211s1925----gw-a######---#000-0#ger-# | ||
| 041 | _ager | ||
| 044 | _agw | ||
| 050 | 4 |
_aPT1358 _b.D39 1925 |
|
| 100 | 1 |
_aFraenger, Wilhelm _d1890-1964 _917701 |
|
| 245 | 1 | 0 |
_aDeutscher Humor _bAus fünf Jahrhunderten _cgesammelt von Wilhelm Fraenger. |
| 260 |
_aMúnich _bR. Piper _c1925 |
||
| 300 |
_axviii, 529 p. (v. 1) _bil., 128 láminas _c21 cm. |
||
| 500 | _aLa biblioteca solo cuenta con el volúmen 1 | ||
| 500 | _aO158 | ||
| 650 | 1 | 4 |
_aIngenio y humor alemán _917011 |
| 902 | _aGFM | ||
| 942 |
_2lcc _cB |
||
| 999 |
_c6803 _d6803 |
||